[Event "Sant Boi de Llobregat op 4th"]
[Site "Sant Boi de Llobregat"]
[Date "2023.11.30"]
[Round "1"]
[White "Gines Esteo, Pedro Antonio"]
[Black "Boraso, Alessio"]
[Result "1-0"]
[WhiteElo "2471"]
[BlackElo "2270"]
[PlyCount "85"]
[EventDate "2023.11.30"]
[EventType "swiss"]
[EventRounds "9"]
[EventCountry "ESP"]
[SourceTitle "CB50_2023"]
[SourceDate "2023.12.13"]
[SourceVersion "1"]
[SourceVersionDate "2023.12.13"]
[SourceQuality "1"]

1. Nf3 d5 2. g3 g6 3. Bg2 Bg7 4. d4 Nf6 5. 0-0 0-0 6. b3 c5 7. Bb2 cxd4 8. Nxd4 Nc6 9. c4 dxc4 10. Nxc6 bxc6 11. bxc4 Qa5 12. Qc2 Qh5 13. Nd2 Rb8 14. Nb3 Bf5 15. e4 Nxe4 16. Bxg7 Nf6 17. Qc3 Kxg7 18. Rae1 Rb7 19. Nc5 Rc7 20. Qe5 Rfc8 21. h3 Bc2 22. Qd4 Kg8 23. g4 Qh4 24. Qd2 Bf5 25. gxf5 gxf5 26. Re5 e6 27. Rd1 Kh8 28. Qd4 Qh6 29. Re3 Rg8 30. Kh1 Rcc8 31. Qe5 Rg7 32. Rg3 Ng4 33. Qb2 Rcg8 34. Kg1 Nxf2 35. Qxg7+ Qxg7 36. Rxg7 Nxd1 37. Rxg8+ Kxg8 38. Bxc6 Kf8 39. Na6 Ke7 40. c5 e5 41. Bb7 e4 42. c6 e3 43. Kf1 1-0

[Event "ESP-ch 88th"]
[Site "Marbella"]
[Date "2023.10.21"]
[Round "9"]
[White "Suarez Uriel, Adrian"]
[Black "Gines Esteo, Pedro Antonio"]
[Result "0-1"]
[WhiteElo "2363"]
[BlackElo "2490"]
[PlyCount "62"]
[EventDate "2023.10.13"]
[EventType "swiss"]
[EventRounds "9"]
[EventCountry "ESP"]
[SourceTitle "Mega2024 Update 01"]
[Source "Chessbase"]
[SourceDate "2023.11.12"]
[SourceVersion "1"]
[SourceVersionDate "2023.11.12"]
[SourceQuality "1"]

1. e4 c6 2. d4 d5 3. e5 Bf5 4. Nf3 e6 5. Be2 Ne7 6. 0-0 Nd7 7. c3 Bg6 8. a4 c5 9. dxc5 Nxc5 10. Bb5+ Nd7 11. a5 a6 12. Ba4 Nc6 13. Nd4 Nxa5 14. Bg5 Qxg5 15. Bxd7+ Kxd7 16. Rxa5 Bxb1 17. Qa4+ Kc7 18. Rxb1 Qxe5 19. b4 Bd6 20. g3 Qe4 21. Rd1 h5 22. Qa1 h4 23. Re1 Qh7 24. g4 h3 25. Qa2 Qd3 26. f3 Qxc3 27. Rd1 Bxb4 28. Ra4 Bc5 29. Kf1 Bxd4 30. Raxd4 Qxf3+ 31. Ke1 Qh1+ 0-1

[Event "ESP-ch 88th"]
[Site "Marbella"]
[Date "2023.10.14"]
[Round "2"]
[White "Gines Esteo, Pedro Antonio"]
[Black "Tabuenca Mendataurigoitia, Daniel"]
[Result "1-0"]
[WhiteElo "2490"]
[BlackElo "2351"]
[PlyCount "63"]
[EventDate "2023.10.13"]
[EventType "swiss"]
[EventRounds "9"]
[EventCountry "ESP"]
[SourceTitle "Mega2024 Update 01"]
[Source "Chessbase"]
[SourceDate "2023.11.12"]
[SourceVersion "1"]
[SourceVersionDate "2023.11.12"]
[SourceQuality "1"]

1. Nf3 d5 2. g3 g6 3. Bg2 Bg7 4. 0-0 e5 5. d3 Ne7 6. e4 Nbc6 7. c3 a5 8. a4 0-0 9. Na3 f6 10. Nb5 Be6 11. Qc2 Qd7 12. b3 Rad8 13. Ba3 Rfe8 14. Rad1 Nc8 15. d4 dxe4 16. dxe5 Qf7 17. Rxd8 Rxd8 18. Qxe4 Bxb3 19. exf6 Bxf6 20. Qf4 Nb6 21. Ng5 Qg7 22. Ne4 Be5 23. Qh4 Bxa4 24. Nd4 Re8 25. Nf3 Bc2 26. Nxe5 Rxe5 27. Nf6+ Kf7 28. f4 Rf5 29. Nxh7 Nc4 30. Ng5+ Kg8 31. Re1 Rf8 32. Bd5+ 1-0

[Event "ESP-chT CECLUB Div1"]
[Site "Linares"]
[Date "2023.08.22"]
[Round "3.1"]
[White "Gines Esteo, Pedro Antonio"]
[Black "Kuzubov, Yuriy"]
[Result "0-1"]
[WhiteElo "2482"]
[BlackElo "2627"]
[PlyCount "80"]
[EventDate "2023.08.20"]
[EventType "team-tourn"]
[EventRounds "7"]
[EventCountry "ESP"]
[SourceTitle "CBM 215 Extra"]
[Source "ChessBase"]
[SourceDate "2023.09.30"]
[SourceVersion "1"]
[SourceVersionDate "2023.09.30"]
[SourceQuality "1"]
[WhiteTeam "Barcelona CE"]
[BlackTeam "Oromana CEN Solutions"]
[WhiteTeamCountry "ESP"]
[BlackTeamCountry "ESP"]

1. Nf3 Nf6 2. g3 g6 3. Bg2 Bg7 4. c4 d5 5. Qa4+ c6 6. cxd5 Nxd5 7. d4 Nb6 8. Qa3 Bg4 9. Nbd2 Na6 10. Ne5 Bxe5 11. dxe5 Qd4 12. 0-0 Bxe2 13. Re1 Bb5 14. Nf3 Qc5 15. b4 Qxb4 16. Qe3 0-0-0 17. a4 Bd3 18. Qh6 Nc4 19. Bf4 Nc5 20. Ng5 Nb3 21. Nxf7 Nxa1 22. Rxa1 Bb1 23. Bf3 Qb2 24. Rxb1 Qxb1+ 25. Kg2 Qf5 26. Nxh8 Rxh8 27. h3 e6 28. Bg4 Qf7 29. h4 Nb6 30. h5 Re8 31. a5 Nd5 32. Bc1 Kd7 33. Ba3 Rg8 34. Bc1 Qg7 35. Qd2 gxh5 36. Bxh5 Qxe5 37. Bf3 Rf8 38. Qh6 Qf5 39. Bh5 Qxf2+ 40. Kh3 Qf1+ 0-1

[Event "Catalunya-chT Gp1 Final"]
[Site "Barcelona"]
[Date "2023.04.15"]
[Round "3.1"]
[White "Gines Esteo, Pedro Antonio"]
[Black "Van Foreest, Lucas"]
[Result "1/2-1/2"]
[WhiteElo "2500"]
[BlackElo "2570"]
[PlyCount "222"]
[EventDate "2023.03.18"]
[EventType "team-k.o."]
[EventRounds "3"]
[EventCountry "ESP"]
[SourceTitle "EXT 2024"]
[Source "ChessBase"]
[SourceDate "2023.10.10"]
[SourceVersion "1"]
[SourceVersionDate "2023.10.10"]
[SourceQuality "1"]
[WhiteTeam "Barcelona Escacs CC"]
[BlackTeam "Colon Sabadell"]
[WhiteTeamCountry "ESP"]
[BlackTeamCountry "ESP"]

1. c4 e6 2. Nc3 d5 3. d4 a6 4. cxd5 exd5 5. Nf3 Nf6 6. Bg5 Be6 7. Bxf6 Qxf6 8. Qb3 Ra7 9. g3 Qd8 10. h4 Be7 11. Bh3 Bxh3 12. Rxh3 c6 13. e4 dxe4 14. Nxe4 0-0 15. 0-0-0 Qd5 16. Qxd5 cxd5 17. Nc3 Rd8 18. Rhh1 Bb4 19. Ne2 Bd6 20. Ne5 Nd7 21. Nxd7 Rxd7 22. Kc2 Ra8 23. Kd3 Bb4 24. Rc1 Rad8 25. Rc2 Kf8 26. Nf4 Bd6 27. Ng2 Rc7 28. Rxc7 Bxc7 29. Rc1 Bb8 30. Ne3 Ke7 31. Re1 Kf8 32. Rc1 Ke7 33. Re1 Kf8 34. b4 g6 35. b5 axb5 36. Rb1 Bd6 37. Rxb5 Ra8 38. Nxd5 Rxa2 39. Nc3 Ra7 40. h5 Ke8 41. Nd5 Kd7 42. Rb6 Ra3+ 43. Ke2 Ra2+ 44. Kf3 Ra5 45. Ne3 Ra7 46. g4 Bc7 47. Rb5 b6 48. d5 gxh5 49. gxh5 Ra4 50. Ke2 Rh4 51. d6 Bd8 52. Rf5 Ke6 53. f4 Rh3 54. Re5+ Kxd6 55. Rd5+ Kc7 56. Rf5 f6 57. Kd3 Rh1 58. Kd4 Ra1 59. Nd5+ Kd6 60. Nc3 Ra5 61. Rb5 Rxb5 62. Nxb5+ Ke6 63. Ke4 f5+ 64. Kd4 Bf6+ 65. Kc4 Bb2 66. Nc7+ Kd6 67. Na8 b5+ 68. Kxb5 Kd5 69. Nc7+ Ke4 70. Ne6 h6 71. Kc4 Bc1 72. Ng7 Bxf4 73. Nxf5 Kxf5 74. Kd3 Kg4 75. Ke2 Kg3 76. Kf1 Be3 77. Ke2 Ba7 78. Kf1 Bf2 79. Ke2 Kg2 80. Kd2 Kf3 81. Kd3 Be3 82. Kc2 Ke2 83. Kc3 Bb6 84. Kc2 Bd4 85. Kc1 Be3+ 86. Kc2 Bd2 87. Kb2 Kd3 88. Kb1 Kc3 89. Ka2 Kc2 90. Ka1 Be3 91. Ka2 Bd4 92. Ka3 Bf6 93. Ka2 Bg7 94. Ka3 Kb1 95. Kb3 Bb2 96. Kc4 Kc2 97. Kb4 Bd4 98. Ka3 Kb1 99. Kb3 Bb2 100. Kc4 Kc2 101. Kb4 Bc1 102. Kc4 Be3 103. Kb4 Bd4 104. Ka3 Kc3 105. Ka2 Kd2 106. Kb1 Kd1 107. Ka2 Kc2 108. Ka3 Bc5+ 109. Ka2 Bb4 110. Ka1 Bc3+ 111. Ka2 Bb2 1/2-1/2

[Event "EU-ch 23rd"]
[Site "Vrnjacka Banja"]
[Date "2023.03.11"]
[Round "9"]
[White "Indjic, Aleksandar"]
[Black "Gines Esteo, Pedro Antonio"]
[Result "1-0"]
[WhiteElo "2636"]
[BlackElo "2500"]
[PlyCount "95"]
[EventDate "2023.03.03"]
[EventType "swiss"]
[EventRounds "11"]
[EventCountry "SRB"]
[SourceTitle "CBM 213"]
[Source "ChessBase"]
[SourceDate "2023.04.30"]
[SourceVersion "1"]
[SourceVersionDate "2023.04.30"]
[SourceQuality "1"]

1. d4 Nf6 2. c4 e6 3. Nc3 d5 4. cxd5 exd5 5. Bg5 c6 6. e3 Be7 7. Bd3 h6 8. Bh4 0-0 9. Bg3 Re8 10. Nf3 Nbd7 11. h3 a5 12. 0-0 Bf8 13. Qc2 b5 14. Rad1 Bb7 15. Bh2 Ba6 16. Rfe1 Qb6 17. Ne5 Nxe5 18. Bxe5 Nd7 19. Bf4 b4 20. Bh7+ Kh8 21. Na4 Qa7 22. Bf5 Bb5 23. Rc1 Nf6 24. Nc5 Rad8 25. Bd3 Bxd3 26. Nxd3 Rc8 27. Qa4 c5 28. dxc5 Bxc5 29. Qc2 Nd7 30. Red1 Qb7 31. Qa4 Bb6 32. Qb5 Nf8 33. Rc7 Rxc7 34. Bxc7 Re6 35. Rc1 Qa7 36. Bxb6 Rxb6 37. Qxd5 Kh7 38. Qe4+ Ng6 39. Nf4 Qb7 40. Nd5 Rb5 41. Rc5 Qd7 42. Rxb5 Qxb5 43. h4 Qe2 44. Qf5 Qxb2 45. Qxf7 h5 46. g3 a4 47. Qf5 b3 48. Ne7 1-0

[Event "Sitges Sunway op 9th"]
[Site "Sitges"]
[Date "2022.12.20"]
[Round "8"]
[White "Nandhidhaa, PV."]
[Black "Gines Esteo, Pedro Antonio"]
[Result "0-1"]
[WhiteElo "2358"]
[BlackElo "2500"]
[PlyCount "119"]
[EventDate "2022.12.12"]
[EventType "swiss"]
[EventRounds "10"]
[EventCountry "ESP"]
[SourceTitle "CBM 211 Extra"]
[Source "ChessBase"]
[SourceDate "2023.01.31"]
[SourceVersion "1"]
[SourceVersionDate "2023.01.31"]
[SourceQuality "1"]

1. e4 c6 2. d4 d5 3. exd5 cxd5 4. Bd3 Nf6 5. c3 Bg4 6. Qb3 Qc7 7. h3 Bh5 8. Na3 a6 9. Bf4 Qc8 10. Ne2 e6 11. 0-0 Nc6 12. Nc2 Be7 13. Ne3 0-0 14. Ng3 Bg6 15. Qd1 b5 16. a3 Na5 17. Bxg6 hxg6 18. Ng4 Nc4 19. Rb1 a5 20. Ne5 Nxe5 21. Bxe5 Nd7 22. Bf4 Qa6 23. Ra1 Rfc8 24. Ne2 Qc6 25. Qd3 Qc4 26. Nc1 Nb6 27. Qf3 b4 28. axb4 axb4 29. Rxa8 Rxa8 30. Bd2 Qb5 31. Nd3 Nc4 32. Ne5 Nxe5 33. dxe5 b3 34. g3 Ra2 35. Rb1 Qa6 36. Kg2 Ra1 37. Rc1 Qa2 38. Qd1 Rxc1 39. Bxc1 Qb1 40. h4 g5 41. hxg5 Bxg5 42. f4 Be7 43. Qg1 g5 44. fxg5 Qe4+ 45. Kh3 Qxe5 46. Qd1 Qf5+ 47. Kg2 Qe4+ 48. Kh2 Bd6 49. Kh3 Be5 50. Bf4 Qf5+ 51. Kh4 Qh7+ 52. Kg4 f5+ 53. gxf6 Qf5+ 54. Kf3 Qh5+ 55. g4 Qh3+ 56. Kf2 Bxf4 57. Qxb3 Qh2+ 58. Kf3 Qg3+ 59. Ke2 Qxg4+ 60. Kd3 0-1

[Event "Sitges Sunway op 9th"]
[Site "Sitges"]
[Date "2022.12.19"]
[Round "7"]
[White "Gines Esteo, Pedro Antonio"]
[Black "Injac, Teodora"]
[Result "1/2-1/2"]
[WhiteElo "2500"]
[BlackElo "2365"]
[PlyCount "167"]
[EventDate "2022.12.12"]
[EventType "swiss"]
[EventRounds "10"]
[EventCountry "ESP"]
[SourceTitle "CBM 211 Extra"]
[Source "ChessBase"]
[SourceDate "2023.01.31"]
[SourceVersion "1"]
[SourceVersionDate "2023.01.31"]
[SourceQuality "1"]

1. d4 Nf6 2. c4 e6 3. Nf3 d5 4. g3 Bb4+ 5. Bd2 Be7 6. Bg2 0-0 7. 0-0 c6 8. Bc3 a5 9. a4 Na6 10. Ne5 Nb4 11. Nd2 Nd7 12. Nxd7 Bxd7 13. e4 Be8 14. Qb3 f5 15. cxd5 exd5 16. exf5 Bd7 17. g4 Bd6 18. Bxb4 Bxb4 19. Nf3 g6 20. fxg6 Bxg4 21. gxh7+ Kxh7 22. Ne5 Bf5 23. f4 Qh4 24. Qe3 Bd6 25. Rf3 Rf6 26. Qf2 Rh6 27. h3 Rf8 28. Rg3 Rg8 29. Rxg8 Kxg8 30. Re1 Bxh3 31. Bxh3 Qxh3 32. Qg2+ Kf8 33. f5 Qh4 34. Rd1 Bxe5 35. dxe5 Rh5 36. Qf3 Rg5+ 37. Kf1 Qc4+ 38. Rd3 Qc1+ 39. Rd1 Qc4+ 40. Rd3 Rg4 41. b3 Qc1+ 42. Ke2 Rf4 43. Qh3 Qc2+ 44. Ke1 Qf2+ 45. Kd1 Qf1+ 46. Qxf1 Rxf1+ 47. Kc2 Rxf5 48. Rh3 Rxe5 49. Rh8+ Kg7 50. Rb8 Re7 51. Ra8 Kf6 52. Rxa5 Ke5 53. Kd3 Kd6 54. b4 Rh7 55. Ra7 Rh3+ 56. Kc2 Kc7 57. Ra8 b6 58. Ra7+ Kb8 59. Rd7 Ra3 60. b5 c5 61. Rxd5 Rxa4 62. Rh5 Rb4 63. Rh8+ Kc7 64. Rh7+ Kc8 65. Rh8+ Kd7 66. Rh7+ Kd8 67. Rh8+ Ke7 68. Rh7+ Ke8 69. Kc3 Rxb5 70. Kc4 Rb1 71. Rg7 Kd8 72. Rh7 Rd1 73. Kb5 Rd6 74. Rg7 Kc8 75. Rh7 Kd8 76. Rg7 Ke8 77. Rh7 Kf8 78. Rc7 Re6 79. Rb7 Ke8 80. Rh7 c4 81. Kxc4 Re7 82. Rxe7+ Kxe7 83. Kb5 Kd6 84. Kxb6 1/2-1/2

[Event "Sitges Sunway op 9th"]
[Site "Sitges"]
[Date "2022.12.17"]
[Round "6"]
[White "Tabatabaei, Mohammad Amin"]
[Black "Gines Esteo, Pedro Antonio"]
[Result "1-0"]
[WhiteElo "2660"]
[BlackElo "2500"]
[PlyCount "57"]
[EventDate "2022.12.12"]
[EventType "swiss"]
[EventRounds "10"]
[EventCountry "ESP"]
[SourceTitle "CBM 211 Extra"]
[Source "ChessBase"]
[SourceDate "2023.01.31"]
[SourceVersion "1"]
[SourceVersionDate "2023.01.31"]
[SourceQuality "1"]

1. e4 e5 2. Nf3 Nc6 3. Bb5 Nf6 4. d3 Bc5 5. Bxc6 dxc6 6. Nbd2 Nd7 7. Nc4 0-0 8. Ne3 Re8 9. g4 Nf8 10. Rg1 Bd6 11. h4 c5 12. h5 Ne6 13. Nf5 g5 14. hxg6 fxg6 15. Bh6 Nd4 16. Be3 a5 17. Ng5 Bf8 18. Rh1 gxf5 19. gxf5 Nxf5 20. Qh5 Nh6 21. Nf7 Qe7 22. Bxh6 Bxh6 23. Nxh6+ Kh8 24. Nf7+ Kg7 25. Rg1+ Kf6 26. Qh6+ Kxf7 27. Rg7+ Kf8 28. Rxh7+ Kg8 29. Qg6+ 1-0

[Event "Elllobregat op 3rd"]
[Site "Sant Boi de Llobregat"]
[Date "2022.12.02"]
[Round "3"]
[White "Gines Esteo, Pedro Antonio"]
[Black "Karthikeyan, Murali"]
[Result "1/2-1/2"]
[WhiteElo "2500"]
[BlackElo "2620"]
[PlyCount "110"]
[EventDate "2022.11.30"]
[EventType "swiss"]
[EventRounds "9"]
[EventCountry "ESP"]
[SourceTitle "CBM 211 Extra"]
[Source "ChessBase"]
[SourceDate "2023.01.31"]
[SourceVersion "1"]
[SourceVersionDate "2023.01.31"]
[SourceQuality "1"]

1. d4 Nf6 2. c4 g6 3. Nc3 Bg7 4. e4 d6 5. Be2 0-0 6. Be3 e5 7. d5 a5 8. h4 Na6 9. h5 Nc5 10. Qc2 c6 11. h6 Bh8 12. Bxc5 dxc5 13. Rd1 cxd5 14. cxd5 a4 15. Nf3 Bd7 16. 0-0 Ng4 17. d6 Qf6 18. Bb5 Bxb5 19. Nxb5 b6 20. d7 Rfd8 21. Rd6 Qe7 22. Rfd1 Nxh6 23. Qd2 Ng4 24. Qd5 a3 25. b3 Nf6 26. Qc6 Ra5 27. Nc3 Ra7 28. Nd5 Nxd5 29. R1xd5 Bg7 30. g3 h5 31. Kg2 Kh7 32. Kf1 b5 33. Qxb5 Rc7 34. Qd3 f6 35. Qb5 Qf7 36. Rd1 c4 37. bxc4 Qxc4+ 38. Qxc4 Rxc4 39. Re6 Rb4 40. Re8 Rbb8 41. Re7 Kg8 42. Nh4 g5 43. Nf5 Bf8 44. Kg2 Ra8 45. Rd6 Kh8 46. Rxf6 Bxe7 47. Rh6+ Kg8 48. Nxe7+ Kg7 49. Nf5+ Kg8 50. Ne7+ Kg7 51. Nf5+ Kf7 52. Nd6+ Kg8 53. Rxh5 Rxd7 54. Rxg5+ Kf8 55. Nc4 Rc7 1/2-1/2

[Event "EU-ch U18 30th"]
[Site "Antalya"]
[Date "2022.11.12"]
[Round "7"]
[White "Gines Esteo, Pedro Antonio"]
[Black "Makarian, Rudik"]
[Result "0-1"]
[WhiteElo "2492"]
[BlackElo "2505"]
[PlyCount "62"]
[EventDate "2022.11.06"]
[EventType "swiss"]
[EventRounds "9"]
[EventCountry "TUR"]
[SourceTitle "CBM 211 Extra"]
[Source "ChessBase"]
[SourceDate "2023.01.31"]
[SourceVersion "1"]
[SourceVersionDate "2023.01.31"]
[SourceQuality "1"]

1. c4 e6 2. Nf3 d5 3. e3 Nf6 4. b3 b6 5. Bb2 Bb7 6. cxd5 exd5 7. g3 Bd6 8. Bg2 Nbd7 9. Nc3 a6 10. 0-0 0-0 11. Ne2 Re8 12. Qc1 c5 13. d4 Rc8 14. dxc5 bxc5 15. Qc2 Rc7 16. Rfd1 d4 17. exd4 Qa8 18. d5 Bxd5 19. Qd3 Be5 20. Nc3 Bc6 21. Re1 Rcc8 22. Re2 c4 23. bxc4 Nc5 24. Qf5 g6 25. Nxe5 gxf5 26. Nxc6 Rxc6 27. Bxc6 Qxc6 28. Rxe8+ Qxe8 29. Rd1 h5 30. h4 f4 31. Na4 Qxa4 0-1

[Event "EU-ch U18 30th"]
[Site "Antalya"]
[Date "2022.11.11"]
[Round "6"]
[White "Domalchuk Jonasson, Aleksandr"]
[Black "Gines Esteo, Pedro Antonio"]
[Result "1/2-1/2"]
[WhiteElo "2318"]
[BlackElo "2492"]
[PlyCount "104"]
[EventDate "2022.11.06"]
[EventType "swiss"]
[EventRounds "9"]
[EventCountry "TUR"]
[SourceTitle "CBM 211 Extra"]
[Source "ChessBase"]
[SourceDate "2023.01.31"]
[SourceVersion "1"]
[SourceVersionDate "2023.01.31"]
[SourceQuality "1"]

1. d4 d5 2. c4 c6 3. cxd5 cxd5 4. Bf4 Nf6 5. Nc3 Nc6 6. e3 Ne4 7. Bd3 Nxc3 8. bxc3 e6 9. Nf3 Bd6 10. Bxd6 Qxd6 11. 0-0 0-0 12. Qe2 e5 13. Nxe5 Nxe5 14. dxe5 Qxe5 15. c4 dxc4 16. Bxc4 Bf5 17. Rad1 Rad8 18. Qf3 Qe4 19. Qxe4 Bxe4 20. f3 Bc6 21. Kf2 g5 22. e4 Kg7 23. Rxd8 Rxd8 24. Ke3 b5 25. Bb3 a5 26. Rc1 Be8 27. Rc7 a4 28. Bd5 Rb8 29. Kd3 b4 30. Kc2 Rb6 31. Kb2 Rh6 32. h3 Rb6 33. Rc8 Bd7 34. Rc7 Be6 35. Bxe6 Rxe6 36. Ra7 Rd6 37. Kc2 a3 38. Rb7 Rd4 39. Kb3 Rd2 40. Rxb4 Rxg2 41. Kxa3 Rg3 42. Rb3 Rxh3 43. Kb4 Rh1 44. a4 h5 45. a5 h4 46. Rb2 Ra1 47. Kb5 Kg6 48. a6 Kh5 49. Rh2 Ra3 50. Rh3 Ra1 51. Rh2 Ra3 52. Rh3 Ra1 1/2-1/2